[Event "GCT 2024 Croazia - Blitz"]
[Site "Zagabria"]
[Date "05.07.2025"]
[Round "3B"]
[White "Gukesh, Dommaraju"]
[Black "Duda, Jan-Krzysztof"]
[Result "0-1"]
[WhiteTitle "GM"]
[BlackTitle "GM"]
[WhiteElo "2776"]
[BlackElo "2725"]
[WhiteFideId "46616543"]
[BlackFideId "1170546"]
[EventDate "2025.07.05"]

1. Nf3 Nf6 2. g3 d5 3. Bg2 e6 4. b3 Be7 5. Bb2 O-O 6. c4 a5 7. Nc3 c6 8. e3 b6
9. O-O Ba6 10. Qe2 Nbd7 11. d4 a4 12. Nxa4 b5 13. Nc5 Nxc5 14. Ne5 bxc4 15. bxc4
Ncd7 16. Nxc6 Bxc4 17. Qd2 Qe8 18. Rfc1 Nb6 19. Nxe7+ Qxe7 20. Bc3 Rfc8 21. Bb4
Qd7 22. Bc5 Na4 23. Rxc4 dxc4 24. Bxa8 Rxa8 25. Qb4 c3 0-1

[Event "GCT 2024 Croazia - Blitz"]
[Site "Zagabria"]
[Date "05.07.2025"]
[Round "3B"]
[White "So, Wesley"]
[Black "Abdusattorov, Nodirbek"]
[Result "1-0"]
[WhiteTitle "GM"]
[BlackTitle "GM"]
[WhiteElo "2745"]
[BlackElo "2771"]
[WhiteFideId "5202213"]
[BlackFideId "14204118"]
[EventDate "2025.07.05"]

1. Nf3 d5 2. b3 Bf5 3. Bb2 e6 4. g3 h6 5. Bg2 Nf6 6. d3 Be7 7. Nbd2 O-O 8. Ne5
Bh7 9. e4 c6 10. O-O Nbd7 11. Nxd7 Nxd7 12. Qe2 a5 13. a3 Bf6 14. e5 Be7 15. Kh1
Qc7 16. f4 a4 17. b4 c5 18. bxc5 Qxc5 19. Nf3 Nb8 20. Bd4 Qc7 21. Rfb1 Rc8 22.
Rb2 Nd7 23. g4 Ra6 24. Bf2 Qc3 25. Bd4 Qc7 26. Bf2 Qc3 27. Raa2 b6 28. Bd4 Qc7
29. Bf2 Qc3 30. Be1 Qc7 31. Bh3 b5 32. Rxb5 Rb8 33. Rxb8+ Qxb8 34. Qd1 Rb6 35.
Ra1 Qf8 36. Qc1 f6 37. Bf2 Ra6 38. Bd4 fxe5 39. Nxe5 Nxe5 40. Bxe5 Rc6 41. Qb2
Qc8 42. g5 Rxc2 43. Bxe6+ Qxe6 44. Qxc2 hxg5 45. Rg1 d4 46. Rg2 g4 47. Qxa4 Bxd3
48. Qe8+ Kh7 49. Qh5+ Kg8 50. Qe8+ Kh7 51. Qh5+ Kg8 52. Qxg4 Qxg4 53. Rxg4 Be4+
54. Kg1 d3 55. Kf2 g6 56. Ke3 Bf5 57. Rg1 Bxa3 58. Rb1 Kf7 59. Bc3 Ke6 60. Rb5
Bc1+ 61. Bd2 Ba3 62. h4 Kf6 63. Bc3+ Kf7 64. h5 Bf8 65. Rb7+ Kg8 66. Rb8 Kf7 67.
Rb7+ Kg8 68. Rb5 Kf7 69. Bb4 Bh6 70. Rb7+ Kg8 71. Rb8+ Kf7 72. Rb7+ Kg8 73. Rb6
Kf7 74. Bc3 Bf8 75. hxg6+ Kg8 76. Bd4 1-0

[Event "GCT 2024 Croazia - Blitz"]
[Site "Zagabria"]
[Date "05.07.2025"]
[Round "3B"]
[White "Caruana, Fabiano"]
[Black "Carlsen, Magnus"]
[Result "0-1"]
[WhiteTitle "GM"]
[BlackTitle "GM"]
[WhiteElo "2784"]
[BlackElo "2839"]
[WhiteFideId "2020009"]
[BlackFideId "1503014"]
[EventDate "2025.07.05"]

1. e4 g6 2. d4 Bg7 3. Nc3 d6 4. Be3 a6 5. g4 b5 6. Bg2 Bb7 7. h4 h6 8. Nge2 Nf6
9. Ng3 b4 10. g5 hxg5 11. hxg5 Rxh1+ 12. Bxh1 Nfd7 13. Na4 c5 14. a3 cxd4 15.
Bxd4 Bxd4 16. Qxd4 Nc6 17. Qd2 a5 18. f4 e5 19. Ne2 exf4 20. Qxf4 Nde5 21. O-O-O
Ba6 22. Nd4 Nxd4 23. Rxd4 Qc7 24. Qf6 Rc8 25. c3 bxa3 26. bxa3 Nd7 27. Qxd6 Qxd6
28. Rxd6 Bb5 29. Nb6 Rxc3+ 30. Kb2 Rh3 31. Nxd7 Bxd7 32. Rd1 Be6 33. e5 Rb3+ 34.
Kc2 Rxa3 35. Bc6+ Ke7 36. Re1 Rg3 37. Ra1 a4 38. Bxa4 Rxg5 39. Re1 Bd5 40. Kd3
Ke6 41. Be8 Rg4 42. Rf1 Bc4+ 0-1

[Event "GCT 2024 Croazia - Blitz"]
[Site "Zagabria"]
[Date "05.07.2025"]
[Round "3B"]
[White "Firouzja, Alireza"]
[Black "Saric, Ivan"]
[Result "1-0"]
[WhiteTitle "GM"]
[BlackTitle "GM"]
[WhiteElo "2766"]
[BlackElo "2661"]
[WhiteFideId "12573981"]
[BlackFideId "14508150"]
[EventDate "2025.07.05"]

1. d4 d5 2. c4 c6 3. Nf3 Nf6 4. e3 Bf5 5. Nc3 e6 6. Nh4 Bg6 7. Be2 Nbd7 8. O-O
Bd6 9. g3 O-O 10. Nxg6 hxg6 11. b3 Qe7 12. a3 e5 13. cxd5 exd4 14. exd4 Nxd5 15.
Nxd5 cxd5 16. Bf3 Nb6 17. Qd3 Rac8 18. Kg2 Rfe8 19. h4 Qc7 20. a4 a5 21. Bd2 Bb4
22. Bxb4 axb4 23. a5 Nd7 24. Bxd5 Qd6 25. Qf3 Nf6 26. Bc4 Re4 27. a6 bxa6 28.
Rxa6 Qxd4 29. Rd1 Qe5 30. Ra7 Rf8 31. Rb7 Re1 32. Rxe1 Qxe1 33. g4 Kh8 34. Rxf7
Rxf7 35. Bxf7 Kh7 36. h5 gxh5 37. g5 Qe7 38. Qf5+ Kh8 39. Bc4 Qe4+ 40. Qf3 Qxf3+ 1-0

[Event "GCT 2024 Croazia - Blitz"]
[Site "Zagabria"]
[Date "05.07.2025"]
[Round "3B"]
[White "Giri, Anish"]
[Black "Praggnanandhaa, Rameshbabu"]
[Result "1/2-1/2"]
[WhiteTitle "GM"]
[BlackTitle "GM"]
[WhiteElo "2748"]
[BlackElo "2779"]
[WhiteFideId "24116068"]
[BlackFideId "25059530"]
[EventDate "2025.07.05"]

1. Nf3 d5 2. g3 Nd7 3. d4 Nb6 4. Nbd2 Nf6 5. Bg2 Bf5 6. O-O h6 7. c4 e6 8. c5
Nbd7 9. b4 c6 10. Bb2 g5 11. Ne5 Bg7 12. Nxd7 Qxd7 13. Nf3 Qc7 14. a4 Nd7 15. b5
Nxc5 16. Rc1 Nd7 17. Ba3 Be4 18. e3 Bf8 19. Qb3 Bxa3 20. Qxa3 f6 21. Rc3 Kf7 22.
Rfc1 Rhc8 23. Nd2 Bxg2 24. Kxg2 a6 25. bxc6 bxc6 26. Qb3 c5 27. Qc2 Kg7 28. dxc5
Qc6 29. Kg1 Ne5 30. f4 gxf4 31. exf4 d4 32. fxe5 dxc3 33. exf6+ Kxf6 34. Qxc3+
Kf7 35. Qe3 Kg7 36. Qe5+ Kh7 37. Ne4 Ra7 38. Rf1 Rg7 39. Nf6+ Kh8 40. Nh5 Qxc5+
41. Qxc5 Rxc5 42. Nxg7 Kxg7 43. Rb1 Kf6 44. Rb4 a5 45. Rh4 h5 46. Kf2 Kg5 47.
Ke3 Rd5 48. Re4 e5 49. Rc4 Kf5 50. h3 Rd1 51. g4+ hxg4 52. hxg4+ Kg5 53. Ke4
Rd4+ 54. Rxd4 exd4 55. Kxd4 Kxg4 56. Kc5 Kf5 57. Kb5 Ke6 58. Kxa5 Kd7 59. Kb6
Kc8 60. a5 Kb8 61. a6 Ka8 62. a7 1/2-1/2

[Event "GCT 2024 Croazia - Blitz"]
[Site "Zagabria"]
[Date "05.07.2025"]
[Round "4B"]
[White "Praggnanandhaa, Rameshbabu"]
[Black "Abdusattorov, Nodirbek"]
[Result "1/2-1/2"]
[WhiteTitle "GM"]
[BlackTitle "GM"]
[WhiteElo "2779"]
[BlackElo "2771"]
[WhiteFideId "25059530"]
[BlackFideId "14204118"]
[EventDate "2025.07.05"]

1. b3 d5 2. Bb2 Nf6 3. d3 Bf5 4. Nd2 e6 5. g3 h6 6. Bg2 Be7 7. e4 Bh7 8. Nh3 c5
9. exd5 exd5 10. O-O O-O 11. Nf4 Nc6 12. Re1 Rc8 13. Rb1 d4 14. Nc4 b5 15. Nd2
Bd6 16. a4 Bxf4 17. gxf4 a6 18. axb5 axb5 19. Ne4 Bxe4 20. dxe4 Re8 21. Ba3 c4
22. bxc4 bxc4 23. Rb7 Qa5 24. Bd6 d3 25. cxd3 cxd3 26. e5 Nd5 27. Rf1 Nxf4 28.
e6 Nxe6 29. Qxd3 Red8 30. Qg3 Ncd4 31. Kh1 Qd2 32. Be5 Rc1 33. Rb1 Rxb1 34. Rxb1
Rc8 35. h4 Ne2 36. Qf3 N6f4 37. Bxf4 Nxf4 38. Kh2 Qd6 39. Qg3 Rc3 40. Qxc3 Ne2+
41. Qg3 Nxg3 42. fxg3 g6 43. Rf1 Kg7 44. Rf4 f5 45. h5 gxh5 46. Rxf5 h4 47. Rf3
h5 48. Kh3 Qd7+ 49. Kh2 Qc7 50. Kh3 Qd7+ 51. Kh2 Qd6 52. Kh3 hxg3 53. Rxg3+ Kf6
54. Re3 Kg5 55. Re4 Qd7+ 56. Kh2 h4 57. Re3 Qc7+ 58. Kh3 Qc8+ 59. Kh2 Qc7+ 60.
Kh3 Kh5 61. Rf3 Qd7+ 62. Kh2 Qd6+ 63. Kh1 Kg4 64. Rh3 Qd2 65. Rf3 Qd6 66. Rh3
Qf4 67. Rf3 Qxf3 68. Bxf3+ Kxf3 69. Kh2 h3 70. Kxh3 1/2-1/2

[Event "GCT 2024 Croazia - Blitz"]
[Site "Zagabria"]
[Date "05.07.2025"]
[Round "4B"]
[White "Giri, Anish"]
[Black "Firouzja, Alireza"]
[Result "0-1"]
[WhiteTitle "GM"]
[BlackTitle "GM"]
[WhiteElo "2748"]
[BlackElo "2766"]
[WhiteFideId "24116068"]
[BlackFideId "12573981"]
[EventDate "2025.07.05"]

1. d4 Nf6 2. c4 e6 3. Nf3 d5 4. g3 Nc6 5. Bg2 Bd6 6. O-O O-O 7. b3 dxc4 8. bxc4
e5 9. c5 Be7 10. dxe5 Qxd1 11. Rxd1 Ne4 12. Ba3 Bxc5 13. e3 Be6 14. Rc1 Rfd8 15.
Ne1 Bxa3 16. Nxa3 Ng5 17. Nb5 Nh3+ 18. Bxh3 Bxh3 19. Nxc7 Rac8 20. Nb5 Nxe5 21.
Rxc8 Rxc8 22. Nxa7 Rc5 23. a4 Rd5 24. f4 Ng4 25. Nf3 h6 26. Nb5 Rd3 27. Re1 f6
28. Nbd4 Nxe3 29. a5 Ng4 30. Rb1 Ra3 31. Ne1 Rxa5 32. Rxb7 Ra2 33. Ndc2 Ra8 34.
Re7 Rd8 35. Ne3 Kf8 36. Re4 f5 37. Nxf5 Rd2 38. Nh4 Rf2 39. Nhg2 Ra2 40. Rd4
Bxg2 41. f5 Bh3 0-1

[Event "GCT 2024 Croazia - Blitz"]
[Site "Zagabria"]
[Date "05.07.2025"]
[Round "4B"]
[White "Duda, Jan-Krzysztof"]
[Black "So, Wesley"]
[Result "1/2-1/2"]
[WhiteTitle "GM"]
[BlackTitle "GM"]
[WhiteElo "2725"]
[BlackElo "2745"]
[WhiteFideId "1170546"]
[BlackFideId "5202213"]
[EventDate "2025.07.05"]

1. Nf3 d5 2. g3 c5 3. Bg2 Nc6 4. d4 e6 5. O-O cxd4 6. Nxd4 Nge7 7. c4 Nxd4 8.
Qxd4 Nc6 9. Qd1 d4 10. e3 Bc5 11. exd4 Bxd4 12. Nc3 O-O 13. Qe2 e5 14. Be3 Bxc3
15. bxc3 Be6 16. Rab1 Na5 17. Rb4 Qc7 18. c5 Rad8 19. Rfb1 Bd5 20. Qh5 Bxg2 21.
Kxg2 f5 22. Qf3 Rd3 23. Qe2 Rxc3 24. Qd2 Qc6+ 25. Kg1 Ra3 26. Qd6 f4 27. gxf4
exf4 28. Qxc6 Nxc6 29. Rxf4 Rxf4 30. Bxf4 Ra4 31. Be3 Rb4 32. Rd1 Kf7 33. Rd7+
Kf6 34. Kg2 h5 35. Bd2 Rb5 36. Bc3+ Ke6 37. Rxg7 Rxc5 38. Bd2 b6 39. Be3 Ra5 40.
Rg6+ Kd7 41. Rh6 Ne7 42. h4 Nf5 43. Rh7+ Ke6 44. Bg5 Rxa2 45. Rxh5 a5 46. Rh8 a4
47. h5 Kf7 48. h6 a3 49. Ra8 Kg6 50. Bf4 Nxh6 51. Bd6 Nf5 52. Rxa3 Rxa3 53. Bxa3
b5 54. Kf3 Nh6 55. Ke4 Ng4 56. Kd5 Nxf2 57. Kc5 Nd3+ 58. Kxb5 1/2-1/2

[Event "GCT 2024 Croazia - Blitz"]
[Site "Zagabria"]
[Date "05.07.2025"]
[Round "4B"]
[White "Carlsen, Magnus"]
[Black "Gukesh, Dommaraju"]
[Result "1-0"]
[WhiteTitle "GM"]
[BlackTitle "GM"]
[WhiteElo "2839"]
[BlackElo "2776"]
[WhiteFideId "1503014"]
[BlackFideId "46616543"]
[EventDate "2025.07.05"]

1. e4 e5 2. Nf3 Nc6 3. Bb5 Nf6 4. d3 Bc5 5. Nc3 O-O 6. Bxc6 dxc6 7. Be3 Bd6 8.
Bg5 h6 9. Bh4 Bg4 10. h3 Bxf3 11. Qxf3 Be7 12. Bxf6 Bxf6 13. g3 Qd7 14. h4 Be7
15. O-O Bc5 16. Kg2 Bd4 17. Ne2 Bb6 18. g4 g6 19. Ng3 Qe7 20. Rh1 Rad8 21. a4 a5
22. Qe2 Rd6 23. Qd2 Kg7 24. h5 Qg5 25. Qxg5 hxg5 26. Nf1 Rf6 27. f3 Rf4 28. hxg6
fxg6 29. Rh3 Rh8 30. Rxh8 Kxh8 31. Nd2 Rf6 32. Nc4 Re6 33. Rb1 c5 34. Rh1+ Kg7
35. Kf2 Ba7 36. Nxa5 c4+ 37. Ke2 cxd3+ 38. Kxd3 Rd6+ 39. Kc4 Ra6 40. Nxb7 Rxa4+
41. b4 Ra6 42. Rd1 Rc6+ 43. Kb3 Bd4 44. Rd3 Kf6 45. c3 Bf2 46. Rd7 Rb6 47. Rxc7 1-0

[Event "GCT 2024 Croazia - Blitz"]
[Site "Zagabria"]
[Date "05.07.2025"]
[Round "4B"]
[White "Saric, Ivan"]
[Black "Caruana, Fabiano"]
[Result "0-1"]
[WhiteTitle "GM"]
[BlackTitle "GM"]
[WhiteElo "2661"]
[BlackElo "2784"]
[WhiteFideId "14508150"]
[BlackFideId "2020009"]
[EventDate "2025.07.05"]

1. e4 c5 2. Nf3 e6 3. d4 cxd4 4. Nxd4 a6 5. Bd3 Bc5 6. Nb3 Be7 7. Qg4 g6 8. Qe2
d6 9. Nc3 Nd7 10. a3 b5 11. f4 Bb7 12. Bd2 Ngf6 13. g4 Nc5 14. O-O-O Nxd3+ 15.
cxd3 d5 16. g5 Nh5 17. f5 d4 18. fxe6 dxc3 19. exf7+ Kxf7 20. Rhf1+ Ke8 21. Bxc3
Rf8 22. Rxf8+ Bxf8 23. h4 a5 24. d4 Qb6 25. Nc5 b4 26. Rf1 Bxc5 27. dxc5 Qxc5
28. Qf3 Kd8 29. Qf7 Bc6 30. Rd1+ Kc8 31. Rd3 bxc3 32. Rxc3 Qd6 33. Qd5 Qxd5 34.
exd5 Ra6 35. dxc6 Kc7 36. Rf3 Rxc6+ 37. Kd2 Rd6+ 38. Kc3 Ng7 39. b4 axb4+ 40.
axb4 Nf5 41. h5 Kc6 42. hxg6 hxg6 43. Rf4 Rd5 44. Rc4+ Kb7 45. Re4 Kc6 46. Re6+
Rd6 47. Re8 Kd7 48. Rg8 Ne7 49. Rf8 Rd5 50. Kc4 Rxg5 51. b5 Nc8 52. Rf6 Nd6+ 53.
Kd4 Nxb5+ 54. Ke4 Nd6+ 55. Kf4 Rf5+ 0-1

[Event "GCT 2024 Croazia - Blitz"]
[Site "Zagabria"]
[Date "05.07.2025"]
[Round "5B"]
[White "Caruana, Fabiano"]
[Black "Giri, Anish"]
[Result "1-0"]
[WhiteTitle "GM"]
[BlackTitle "GM"]
[WhiteElo "2784"]
[BlackElo "2748"]
[WhiteFideId "2020009"]
[BlackFideId "24116068"]
[EventDate "2025.07.05"]

1. c4 e6 2. Nc3 d5 3. d4 c6 4. e3 Nf6 5. Nf3 Nbd7 6. h3 Bd6 7. Bd3 dxc4 8. Bxc4
b5 9. Bd3 O-O 10. O-O a6 11. a4 Bb7 12. b3 b4 13. Ne4 Nxe4 14. Bxe4 Nf6 15. Bd3
c5 16. Bb2 h6 17. Qe2 cxd4 18. Nxd4 Nd5 19. Rac1 Nc3 20. Bxc3 bxc3 21. Rxc3 Qg5
22. f4 Qa5 23. Rcc1 Rac8 24. Bc4 Kh8 25. Rcd1 Bb8 26. Kh1 Rce8 27. Qg4 Qc5 28.
Rc1 Qb6 29. Rce1 Qc5 30. Nf3 Rd8 31. Qg3 a5 32. Qf2 Rd7 33. Rc1 Qb6 34. Bb5 Rdd8
35. Nd4 Rc8 36. Bc4 Rcd8 37. Rcd1 Rd6 38. Qe2 Rfd8 39. Rc1 R6d7 40. Bb5 Rc7 41.
Rcd1 Rcc8 42. Bc4 Be4 43. Bd3 Bb7 44. Bb1 Rc3 1-0

[Event "GCT 2024 Croazia - Blitz"]
[Site "Zagabria"]
[Date "05.07.2025"]
[Round "5B"]
[White "So, Wesley"]
[Black "Carlsen, Magnus"]
[Result "1/2-1/2"]
[WhiteTitle "GM"]
[BlackTitle "GM"]
[WhiteElo "2745"]
[BlackElo "2839"]
[WhiteFideId "5202213"]
[BlackFideId "1503014"]
[EventDate "2025.07.05"]

1. e4 g6 2. d4 Bg7 3. Nf3 d6 4. Bc4 Nf6 5. Qe2 O-O 6. e5 dxe5 7. dxe5 Nd5 8. h3
Nb6 9. Bb3 c5 10. O-O c4 11. Bxc4 Nxc4 12. Qxc4 Nc6 13. Re1 Bf5 14. Qh4 Bxc2 15.
Nc3 Qa5 16. Bh6 Qb4 17. Qxb4 Nxb4 18. Bxg7 Kxg7 19. Re2 Bf5 20. g4 Be6 21. Nd4
Rfd8 22. Nxe6+ fxe6 23. Ne4 Rac8 24. Kg2 Nd3 25. Kg3 Rd5 26. Ng5 Rc6 27. Rd1 h6
28. Nf3 Rc7 29. Red2 Rcd7 30. b3 b5 31. h4 b4 32. Rc2 a5 33. Rc6 Kf7 34. Rd2 Rd8
35. Rc7 Ke8 36. Rc6 Nxe5 37. Rxd5 Rxd5 38. Rxe6 Nxf3 39. Kxf3 Kf7 40. Ra6 h5 41.
Ke4 Rc5 42. f3 Rb5 43. Kd4 g5 44. hxg5 hxg4 45. f4 g3 46. Ke3 e5 47. g6+ Kg7 48.
f5 g2 49. Ra7+ Kg8 50. Ra8+ Kg7 51. Ra7+ Kg8 52. Kf2 e4 53. Ra8+ Kg7 54. Ra7+
Kg8 55. Rf7 Re5 56. Kxg2 e3 57. Kf1 e2+ 58. Ke1 Kh8 59. Rh7+ Kg8 60. Rf7 Re3 61.
f6 Re6 62. Rg7+ Kf8 63. Rf7+ Kg8 64. Rg7+ Kf8 65. Ra7 Rxf6 66. g7+ Kg8 67. Kxe2
Rf5 68. Kd3 Rc5 69. Kd4 Rg5 70. Kc4 Rf5 71. Kd3 Re5 72. Kd4 Rg5 73. Kc4 Rf5 74.
Kd4 Rg5 75. Kc4 1/2-1/2

[Event "GCT 2024 Croazia - Blitz"]
[Site "Zagabria"]
[Date "05.07.2025"]
[Round "5B"]
[White "Gukesh, Dommaraju"]
[Black "Saric, Ivan"]
[Result "0-1"]
[WhiteTitle "GM"]
[BlackTitle "GM"]
[WhiteElo "2776"]
[BlackElo "2661"]
[WhiteFideId "46616543"]
[BlackFideId "14508150"]
[EventDate "2025.07.05"]

1. Nf3 Nf6 2. b3 d5 3. Bb2 c6 4. c4 Bf5 5. g3 e6 6. Bg2 h6 7. O-O Nbd7 8. d3 Be7
9. Nbd2 O-O 10. a3 a5 11. Ra2 Re8 12. Qa1 Bd6 13. e4 dxe4 14. dxe4 Nxe4 15. Bxg7
Bf8 16. Bxf8 Nxf8 17. Re1 Nc5 18. Nd4 Bg6 19. N2f3 Nd3 20. Re3 e5 21. Ne2 Qb6
22. Rd2 Qxb3 23. Nh4 Bh7 24. Be4 Bxe4 25. Rxe4 Rad8 26. Qf1 Nc5 27. Rg4+ Kh7 28.
Nc1 Qb1 29. Re2 f5 30. Nxf5 Qxf5 31. Qh3 Rd1+ 32. Kg2 Nfe6 33. Re3 Rf8 34. Nd3 0-1

[Event "GCT 2024 Croazia - Blitz"]
[Site "Zagabria"]
[Date "05.07.2025"]
[Round "5B"]
[White "Abdusattorov, Nodirbek"]
[Black "Duda, Jan-Krzysztof"]
[Result "1-0"]
[WhiteTitle "GM"]
[BlackTitle "GM"]
[WhiteElo "2771"]
[BlackElo "2725"]
[WhiteFideId "14204118"]
[BlackFideId "1170546"]
[EventDate "2025.07.05"]

1. e4 c6 2. Nf3 d5 3. d3 dxe4 4. dxe4 Qxd1+ 5. Kxd1 Nf6 6. Nfd2 g5 7. Nc3 h5 8.
h3 Rg8 9. a4 g4 10. hxg4 hxg4 11. a5 Be6 12. Bc4 Bxc4 13. Nxc4 Nbd7 14. Be3 e6
15. Ke2 Bb4 16. Rad1 b5 17. Na2 Bc5 18. Nd6+ Ke7 19. Bxc5 Nxc5 20. Nb4 Nfxe4 21.
Nxc6+ Kf6 22. Nxb5 g3 23. b4 Na4 24. Rd4 Nac3+ 25. Nxc3 Nxc3+ 26. Kd2 Nd5 27. c4
Nxb4 28. Nxb4 gxf2 29. Rf4+ Ke7 30. Rxf2 Rad8+ 31. Kc3 Rc8 32. Rh7 Rg3+ 33. Rf3
Rxg2 34. Rhxf7+ Kd6 35. Rxa7 Rg4 36. Ra6+ Ke5 37. Rc6 Rh8 38. a6 Rg1 39. Re3+
Kf5 40. Rcxe6 Rc1+ 41. Kd4 Rh4+ 42. R3e4 Rd1+ 43. Nd3 Rh3 44. R4e5+ Kg4 45. Rg6+ 1-0

[Event "GCT 2024 Croazia - Blitz"]
[Site "Zagabria"]
[Date "05.07.2025"]
[Round "5B"]
[White "Firouzja, Alireza"]
[Black "Praggnanandhaa, Rameshbabu"]
[Result "1/2-1/2"]
[WhiteTitle "GM"]
[BlackTitle "GM"]
[WhiteElo "2766"]
[BlackElo "2779"]
[WhiteFideId "12573981"]
[BlackFideId "25059530"]
[EventDate "2025.07.05"]

1. c4 Nf6 2. Nf3 c5 3. g3 Nc6 4. Bg2 g6 5. d4 cxd4 6. Nxd4 Bg7 7. Nc3 O-O 8. O-O
Nxd4 9. Qxd4 d6 10. Bd2 Ng4 11. Qd3 Bf5 12. e4 Ne5 13. Qe2 Bg4 14. f3 Be6 15. b3
a6 16. f4 Nc6 17. Rac1 Rc8 18. f5 Bd7 19. Nd5 b5 20. Be3 bxc4 21. Rxc4 Rb8 22.
Bg5 h6 23. f6 hxg5 24. Rxc6 Bxc6 25. fxe7 Qd7 26. exf8=R+ Rxf8 27. Nf6+ Bxf6 28.
Rxf6 Qe7 29. Rf2 Bb5 30. Qd2 Rc8 31. a4 Bd7 32. Bf1 Qxe4 33. Qxd6 Be6 34. Qd3
Qxd3 35. Bxd3 a5 36. Rb2 Rc3 37. Bc2 Bd5 38. Kf2 Kg7 39. Bd1 Rc1 40. Ke2 f5 41.
b4 axb4 42. Rxb4 Ra1 43. h4 Kh6 44. Kd2 Ra3 45. Be2 Rxg3 46. hxg5+ Kxg5 47. a5
Ra3 48. a6 Be4 49. Bb5 Kf4 50. Ba4 Ke5 51. a7 Bh1 52. Kc2 f4 53. Kb2 Rd3 54. Rb6
Rd8 55. Rb8 Rd4 56. Bb5 g5 57. Kc3 Rd1 58. Re8+ Kf6 59. a8=Q Bxa8 60. Rxa8 Rd6
61. Rf8+ Kg7 62. Rf5 Kg6 63. Re5 Kh5 64. Be2+ Kh4 65. Rf5 Rd8 66. Kc2 Rd4 67.
Kc3 Ra4 68. Kd2 g4 69. Rf8 Kg3 70. Bd3 Ra7 71. Rg8 f3 72. Bf5 f2 73. Bxg4 f1=N+
74. Ke1 Ra1+ 75. Bd1+ Kh4 76. Rg4+ Kh3 77. Re4 Ng3 78. Re8 Nf5 79. Kd2 Ra2+ 80.
Bc2 Nd4 81. Rc8 Nxc2 82. Rxc2 Rxc2+ 83. Kxc2 1/2-1/2

[Event "GCT 2024 Croazia - Blitz"]
[Site "Zagabria"]
[Date "05.07.2025"]
[Round "6B"]
[White "Saric, Ivan"]
[Black "So, Wesley"]
[Result "1/2-1/2"]
[WhiteTitle "GM"]
[BlackTitle "GM"]
[WhiteElo "2661"]
[BlackElo "2745"]
[WhiteFideId "14508150"]
[BlackFideId "5202213"]
[EventDate "2025.07.05"]

1. e4 c6 2. d4 d5 3. e5 Bf5 4. Nf3 e6 5. Be2 c5 6. Be3 cxd4 7. Nxd4 Ne7 8. Nd2
Nbc6 9. N2f3 Bg4 10. O-O Bxf3 11. Nxf3 Qc7 12. Rc1 Rd8 13. c3 Ng6 14. Bd4 Be7
15. Re1 O-O 16. Bd3 Nxd4 17. cxd4 Qb6 18. Rc2 Rc8 19. g3 Rc6 20. Ree2 Rfc8 21.
h4 Bd8 22. Kg2 Ne7 23. Rxc6 Rxc6 24. Rc2 h6 25. a3 a5 26. Qd2 Kf8 27. h5 Bc7 28.
g4 Rxc2 29. Qxc2 Nc6 30. Qc3 Bb8 31. Bc2 Qb5 32. Bd3 Qb6 33. a4 Qb4 34. Bb5 Ba7
35. Bxc6 Qxc3 36. bxc3 bxc6 37. Kf1 c5 38. Ke2 f6 39. Kd3 Kf7 40. exf6 c4+ 41.
Ke3 gxf6 42. Nh4 Bb8 43. f4 Bd6 44. Nf3 Ba3 45. Kd2 Bd6 46. Ke3 Kg7 47. Nh4 Ba3
48. Kd2 Be7 49. Nf3 Bd6 50. Ke3 Kf7 51. Nh4 Ba3 52. Kd2 Be7 53. Nf3 Bd6 54. Ke3
Be7 1/2-1/2

[Event "GCT 2024 Croazia - Blitz"]
[Site "Zagabria"]
[Date "05.07.2025"]
[Round "6B"]
[White "Firouzja, Alireza"]
[Black "Caruana, Fabiano"]
[Result "1/2-1/2"]
[WhiteTitle "GM"]
[BlackTitle "GM"]
[WhiteElo "2766"]
[BlackElo "2784"]
[WhiteFideId "12573981"]
[BlackFideId "2020009"]
[EventDate "2025.07.05"]

1. d4 d5 2. g3 Nf6 3. Bg2 e6 4. Nf3 Be7 5. O-O O-O 6. a3 b5 7. Nc3 a6 8. Nd2 Bb7
9. Nb3 Nbd7 10. Na5 Rb8 11. Nxb7 Rxb7 12. e4 dxe4 13. Nxe4 Nxe4 14. Bxe4 Rb6 15.
a4 Nf6 16. Bf3 Nd5 17. axb5 axb5 18. Qe2 Qd7 19. Rd1 Rbb8 20. c3 c6 21. Bd2 Ra8
22. h4 Bf6 23. Kg2 Qb7 24. Be4 Rxa1 25. Rxa1 Ra8 26. Qe1 h5 27. Bf3 g6 28. Qb1
Kg7 29. Ra2 Rxa2 30. Qxa2 Bd8 31. b3 Bf6 32. Qa5 Qd7 33. Qa6 Ne7 34. Qb6 e5 35.
dxe5 Bxe5 36. Qe3 Bf6 37. Be4 Qe6 38. b4 Nd5 39. Qd3 Be5 40. Bf3 Bf6 41. Kg1 Nb6
42. Bf4 Nd5 43. Bd2 Nb6 44. Bf4 Nd5 45. Bd2 1/2-1/2

[Event "GCT 2024 Croazia - Blitz"]
[Site "Zagabria"]
[Date "05.07.2025"]
[Round "6B"]
[White "Giri, Anish"]
[Black "Gukesh, Dommaraju"]
[Result "1/2-1/2"]
[WhiteTitle "GM"]
[BlackTitle "GM"]
[WhiteElo "2748"]
[BlackElo "2776"]
[WhiteFideId "24116068"]
[BlackFideId "46616543"]
[EventDate "2025.07.05"]

1. d4 Nf6 2. c4 e6 3. Nf3 d5 4. Nc3 Be7 5. Bf4 O-O 6. e3 c5 7. dxc5 Bxc5 8. cxd5
Nxd5 9. Nxd5 exd5 10. Bd3 Bb4+ 11. Nd2 Nc6 12. O-O Be7 13. h3 Bf6 14. Nf3 h6 15.
Rb1 a5 16. a3 d4 17. e4 Re8 18. Qd2 a4 19. Rbe1 Qa5 20. Qxa5 Rxa5 21. Bc7 Ra8
22. e5 Be7 23. Bb6 Be6 24. Rc1 Bd8 25. Bc5 Bc7 26. Bb5 Bd5 27. Bxc6 bxc6 28.
Bxd4 Bxf3 29. gxf3 Bxe5 30. Bxe5 Rxe5 31. Rxc6 Rg5+ 32. Kh2 Rb5 33. Rb1 Rab8 34.
Rc4 Ra5 35. h4 Kh7 36. Rf4 Rb7 37. Kg2 Ra6 38. Rg4 f5 39. Rf4 Kg6 40. Kg3 Rb5
41. Rc4 Kh5 42. Rf4 Rg6+ 43. Kh2 Ra6 44. Kg2 Rg6+ 45. Kh2 Ra6 46. Kg2 Rd5 47.
Kg3 Rg6+ 48. Kh3 Ra6 49. Rg1 g5 50. hxg5 hxg5 51. Rb4 Rd2 52. Kg2 Re6 53. Rh1+
Kg6 54. Rf1 Ree2 55. Rxa4 Rxb2 56. Ra6+ Kf7 57. Ra5 Kf6 58. Ra6+ Kf7 59. Ra8 Ra2
60. a4 Ra3 61. Rb1 Raa2 62. Rb7+ Kf6 63. Ra6+ Re6 64. Rxe6+ Kxe6 65. Rb6+ Ke5
66. Rb5+ Kf6 67. a5 Ra3 68. Rb6+ Ke5 69. a6 g4 70. fxg4 fxg4 71. Rh6 Kf5 72. Rc6
Kg5 73. Rb6 Kf5 74. Rb5+ Kf4 75. Rb4+ Kf5 76. Rb6 Kf4 77. Rf6+ Kg5 78. Rd6 Kf4
79. Kf1 Ra2 80. Ke1 Ke5 81. Rg6 Kf5 82. Rc6 Ke5 83. Rb6 Kd5 84. Rg6 Ke5 85. Kf1
Kf5 86. Rb6 Ke5 87. Kg2 Kf4 88. Rb4+ Kf5 89. Rb5+ Kf4 90. Rb6 Ra3 91. Rf6+ Ke5
92. Rh6 Kf5 93. Rb6 Ke5 94. Kf1 Ra2 95. Ke1 Kd5 96. Rg6 Ke5 97. Kf1 Kf5 98. Rc6
Ke5 99. Ke1 Kd5 100. Rg6 Ke5 1/2-1/2

[Event "GCT 2024 Croazia - Blitz"]
[Site "Zagabria"]
[Date "05.07.2025"]
[Round "6B"]
[White "Praggnanandhaa, Rameshbabu"]
[Black "Duda, Jan-Krzysztof"]
[Result "0-1"]
[WhiteTitle "GM"]
[BlackTitle "GM"]
[WhiteElo "2779"]
[BlackElo "2725"]
[WhiteFideId "25059530"]
[BlackFideId "1170546"]
[EventDate "2025.07.05"]

1. b3 Nf6 2. Bb2 d5 3. d3 Bf5 4. Nd2 e6 5. g3 h6 6. Bg2 Be7 7. e4 Bh7 8. Nh3 a5
9. a3 c6 10. O-O O-O 11. Qe2 Nbd7 12. Kh1 b5 13. f4 a4 14. b4 Rc8 15. g4 dxe4
16. dxe4 c5 17. g5 hxg5 18. Nxg5 cxb4 19. e5 Bxc2 20. exf6 Bxf6 21. Bxf6 Nxf6
22. Rf3 b3 23. Rg1 b2 24. Rg3 Bf5 25. Nde4 Qd4 26. Nxf6+ Qxf6 27. Be4 Rc1 28.
Qxb5 Rfc8 29. Bxf5 exf5 30. Nf3 b1=Q 31. Qxb1 Rxb1 32. Rxb1 Qc6 33. Re1 Re8 34.
Rf1 Re2 35. h4 Qe4 36. h5 Kf8 37. Rfg1 0-1